000 00485nam a22001577a 4500
003 macl
005 20240521125952.0
008 240521b |||||||| |||| 00| 0 eng d
040 _cmacl
082 _a001
100 _aER.Ashish kumar
_982386
245 _aरेलवेALP/TECHNICIAN ITI ट्रेड थ्‍योरी (इलेक्ट्रिकल ग्रुप )
260 _aPatna
_bRukmini prakashan
_c2024
650 _aरेलवे
942 _2ddc
_cC. BOOKS
999 _c66879
_d66879